Precariedad urbana, desarrollo comunitario y mujeres en el área metropolitana de Guatemala: ¿cómo estamos y cuáles son las percepciones y acciones institucionales? /
Uloženo v:
| Hlavní autor: | |
|---|---|
| Další autoři: | |
| Médium: | Kniha |
| Jazyk: | Spanish |
| Tagy: |
Přidat tag
Žádné tagy, Buďte první, kdo vytvoří štítek k tomuto záznamu!
|
MARC
| LEADER | 00000nam a22000007a 4500 | ||
|---|---|---|---|
| 003 | cru CIDCACS/IIS | ||
| 005 | 20170524135221.0 | ||
| 007 | ta | ||
| 008 | 170524s1999 gt ||||| |||| 00| 0 spa d | ||
| 040 | |c cru CIDCACS/IIS | ||
| 100 | 1 | |9 4867 |a Gellert, Gisela | |
| 245 | 1 | |a Precariedad urbana, desarrollo comunitario y mujeres en el área metropolitana de Guatemala: |b ¿cómo estamos y cuáles son las percepciones y acciones institucionales? / |c Gisela Gellert, Silvia Irene Palma C. | |
| 300 | |a 114 páginas : |b tablas | ||
| 700 | 1 | |9 4868 |a Palma C., Silvia Irene | |
| 773 | 0 | |0 19372 |9 909 |a FLACSO, Guatemala |d Guatemala FLACSO |o 17628 |t Debate / | |
| 942 | |2 ddc |c PP | ||
| 999 | |c 19373 |d 19373 | ||
